000 00316nam a22001337a 4500
005 20170926114017.0
008 170926b xxu||||| |||| 00| 0 eng d
040 _cPK-LaUMT
082 _aZIAC 297.05
_bDIV-
245 _aDivan ilmi arastirmalar/
260 _aIstanbul:
_b[ ]
_c1996
300 _a190 p.
942 _cBK
999 _c98519
_d98519